| 000 | 00562cam a2200145 4500500 | ||
|---|---|---|---|
| 005 | 20251228052418.0 | ||
| 041 | _afre | ||
| 042 | _adc | ||
| 100 | 1 | 0 |
_aCopans, Jean _eauthor |
| 245 | 0 | 0 | _aDOZON, Jean-Pierre. — Frères et sujets. La France et l’Afrique en perspective. Paris, Flammarion, 2003, 350 p. |
| 260 | _c2005. | ||
| 500 | _a30 | ||
| 786 | 0 | _nCahiers d'études africaines | 177 | 1 | 2005-03-01 | p. 257a-303a | 0008-0055 | |
| 856 | 4 | 1 | _uhttps://shs.cairn.info/revue-cahiers-d-etudes-africaines-2005-1-page-257a?lang=fr&redirect-ssocas=7080 |
| 999 |
_c1583481 _d1583481 |
||